01318nam a2200301Ia 4500001001200000003000800012006001900020007001500039008004100054020001800095020001800113040002100131035002100152050002700173245020300200260004400403300003000447504005100477533015200528650003300680650003300713651003200746655002900778710001600807710005000823710001700873856012600890ebr10685350CaPaEBRm u cr cn|||||||||130419s2013 dcua sb 001 0 eng d z9780821395455 z9780821397565 aCaPaEBRcCaPaEBR a(OCoLC)78501530814aHC427.95b.C574 2013eb00aChina 2030h[electronic resource] :bbuilding a modern, harmonious, and creative high-income society /cWorld Bank ; Development Research Center of the State Council, the People's Republic of China. aWashington, D.C. :bWorld Bank,cc2013. axxvi, 442 p. :bcol. ill. aIncludes bibliographical references and index. aElectronic reproduction.bPalo Alto, Calif. :cebrary,d2013.nAvailable via World Wide Web.nAccess may be limited to ebrary affiliated libraries. 0aEconomic developmentzChina. 0aEconomic forecastingzChina. 0aChinaxEconomic conditions. 7aElectronic books.2local2 aWorld Bank.2 aGuo wu yuan fa zhan yan jiu zhong xin (China)2 aebrary, Inc.40uhttp://site.ebrary.com/lib/rucke/Doc?id=10685350zAn electronic book accessible through the World Wide Web; click to view